[Event "ITA-ch U20"]
[Site "Porto San Giorgio"]
[Date "2004.08.20"]
[Round "1"]
[White "Mora, Lorenzo"]
[Black "Masi, Gabriele"]
[Result "1-0"]
[WhiteElo "1844"]
[BlackElo "1440"]
[PlyCount "49"]
[EventDate "2004.08.20"]
[EventType "swiss"]
[EventRounds "9"]
[EventCountry "ITA"]
[SourceTitle "EXT 2005"]
[Source "ChessBase"]
[SourceDate "2004.11.15"]
[SourceVersion "1"]
[SourceVersionDate "2004.11.15"]
[SourceQuality "1"]

1. d4 d5 2. c4 Nf6 3. Nc3 e6 4. Bg5 Bb4 5. e3 Nbd7 6. Nf3 h6 7. Bh4 b6 8. Be2 Ba6 9. cxd5 g5 10. Bxa6 gxh4 11. dxe6 fxe6 12. 0-0 Nb8 13. Bb7 Nc6 14. Bxc6+ Kf8 15. Bxa8 Qxa8 16. a3 Bd6 17. Nxh4 Rg8 18. Qf3 Qd8 19. Ne4 Be7 20. Rac1 Ke8 21. Nxf6+ Bxf6 22. Qh5+ Kd7 23. Qf7+ Kd6 24. d5 Rf8 25. Qxe6# 1-0